Svetová ekonomika časť SEI

Na minha lista:
Detalhes bibliográficos
Autor principal: Tóth, Ľudovít
Autor Corporativo: Vysoká škola ekonomická v Bratislave. Obchodná fakulta
Outros Autores: Lóhr, V.
Formato: Livro
Idioma:eslovaco
Publicado em: Bratislava VŠE 1988
Edição:1. vyd.
Tags: Adicionar Tag
Sem tags, seja o primeiro a adicionar uma tag!

MARC

LEADER 00000nam a2200000 4500
001 c028441
005 20221219092401.1
041 0 |a slo 
044 |a SK 
245 1 0 |a Svetová ekonomika  |b časť SEI  |c Ľ Tóth a kol., V. Lóhr 
250 |a 1. vyd. 
264 1 |a Bratislava  |b VŠE  |c 1988 
300 |a 246 s. 
100 1 |a Tóth, Ľudovít 
700 1 |a Lóhr, V. 
710 2 |a Vysoká škola ekonomická v Bratislave. Obchodná fakulta